| 000 | 01926nam0a2200409 4500 | ||
|---|---|---|---|
| 001 | RU\NLR\bibl\905079 | ||
| 005 | 20260407064803.0 | ||
| 010 |
_a5-02-026892-5 _91000 |
||
| 021 |
_aRU _b2005-75318 _93714 |
||
| 035 | _a(NLR Aleph) 000893490 | ||
| 090 |
_a1733050 _c1733050 |
||
| 100 | _a20060208d2005 |||y0rusy50 ca | ||
| 101 | 1 |
_arus _cund |
|
| 102 | _aRU | ||
| 105 | _aa ||||||||| | ||
| 200 | 1 |
_aЛекции по философии истории _dVorlesungen über die Philosophie der Geschichte _fГ.В.Ф. Гегель _gпер. А.М. Водена _g[Ю.В. Перов, К.А. Сергеев, статья] _zger |
|
| 205 | _a2-е изд., стер. | ||
| 210 |
_aСанкт-Петербург _cНаука _d2005 |
||
| 215 |
_a477, [2] с., [1] л. портр. _d22 |
||
| 225 | 1 |
_aСлово о сущем _fредкол.: ...Ю.В. Перов (пред.) и др. _vТ. 2 |
|
| 300 | _aАвт. также на нем. яз.: Hegel | ||
| 320 | _aБиблиогр. в подстроч. примеч. | ||
| 320 | _aИмен. указ.: с. 472-477 | ||
| 327 | 1 | _aСодерж.: Философия истории | |
| 510 | 0 |
_6z11790 _aVorlesungen über die Philosophie der Geschichte _zger |
|
| 606 | 1 |
_aКлассическая немецкая идеалистическая философия _91358866 _3RU\NLR\auth\66253813 |
|
| 606 | 1 |
_aФилософия истории _91851250 _3RU\NLR\AUTH\661130172 |
|
| 686 | _aЮ3(4Г)5-563.7-0 | ||
| 686 |
_aЮ252 _bТ08 |
||
| 700 | 1 |
_4070 _8rus _7ca _aГегель _bГ. В. Ф. _f1770-1831 _gГеорг Вильгельм Фридрих _3RU\NLR\auth\7715372 _9125027 |
|
| 790 | 1 |
_4070 _8ger _7ba _aHegel _bG. W. F. _f1770-1831 _gGeorg Wilhelm Friedrich _3RU\NLR\auth\7736402 _919392 |
|
| 801 | 0 |
_aRU _bNLR _c20060208 _grcr |
|
| 801 | 1 |
_aRU _bNLR _c20060208 |
|
| 942 | _cBOOK | ||
| 980 | _aNB | ||